40 Random Missing Capitals on the World Map - Statistics

General Stats
  • This quiz has been taken 140 times
  • The average score is 31 of 40
Answers on the Map
Answers color-coded by a green-red scale on the quiz's map according to % correct below.
 
Answer Stats
Capital % Correct
Algiers
100%
Amsterdam
100%
Andorra la Vella
100%
Ankara
100%
Asunción
100%
Bangkok
100%
Beijing
100%
Bern
100%
Bogotá
100%
Brasília
100%
Bratislava
100%
Cairo
100%
Canberra
100%
Caracas
100%
Dhaka
100%
Dublin
100%
Hanoi
100%
Juba
100%
Kathmandu
100%
Kingston
100%
Kinshasa
100%
Kyiv
100%
La Paz or Sucre
100%
Lima
100%
London
100%
Luanda
100%
Lusaka
100%
Madrid
100%
Majuro
100%
Managua
100%
Manila
100%
Mbabane
100%
Moscow
100%
New Delhi
100%
Ngerulmud
100%
Oslo
100%
Ottawa
100%
Panama City
100%
Paramaribo
100%
Port Moresby
100%
Pyongyang
100%
Quito
100%
Rabat
100%
Riyadh
100%
Sana'a
100%
Santiago
100%
Sarajevo
100%
Seoul
100%
Tehran
100%
Tokyo
100%
Tripoli
100%
Tunis
100%
Ulaanbaatar
100%
Vientiane
100%
Washington D.C.
100%
Wellington
100%
Windhoek
100%
Palikir
91%
Yamoussoukro
90%
Buenos Aires
89%
Copenhagen
89%
Lisbon
89%
Yerevan
89%
Baghdad
88%
Helsinki
88%
Banjul
86%
Kigali
86%
Mexico City
86%
Muscat
86%
Paris
86%
Riga
86%
Brazzaville
83%
Funafuti
83%
N'Djamena
83%
Nukuʻalofa
83%
Port Vila
83%
San José
83%
Santo Domingo
83%
Sri Jayawardenepura Kotte
83%
Victoria
83%
Bucharest
82%
Georgetown
82%
Tbilisi
82%
Accra
80%
Amman
80%
Bissau
80%
Guatemala City
80%
Havana
80%
Kabul
80%
Kampala
80%
Khartoum
80%
Lomé
80%
Nouakchott
80%
Prague
80%
Valletta
80%
Damascus
78%
Harare
78%
Islamabad
78%
Jakarta
78%
Tallinn
78%
Yaoundé
78%
Abuja
75%
Astana
75%
Athens
75%
Castries
75%
Dili
75%
Kingstown
75%
Malé
75%
Maseru
75%
Minsk
75%
Moroni
75%
Port-au-Prince
75%
Skopje
75%
South Tarawa
75%
Suva
75%
Thimphu
75%
Vienna
75%
Port-of-Spain
73%
Baku
71%
Bandar Seri Begawan
71%
Doha
71%
Nassau
71%
Nicosia
71%
Porto-Novo or Cotonou
71%
Warsaw
71%
Berlin
70%
Kuala Lumpur
70%
Luxembourg
70%
Tashkent
70%
Ashgabat
67%
Bangui
67%
Bishkek
67%
Bridgetown
67%
Brussels
67%
Conakry
67%
Dushanbe
67%
Freetown
67%
Honiara
67%
Nairobi
67%
Phnom Penh
67%
Port Louis
67%
Saint John's
67%
San Marino
67%
Bamako
63%
Budapest
63%
Naypyidaw
63%
Vilnius
63%
Belmopan
62%
Antananarivo
60%
Mogadishu
60%
Niamey
60%
Singapore
60%
Sofia
60%
Stockholm
60%
Reykjavík
58%
Belgrade
57%
Jerusalem
57%
San Salvador
57%
Vaduz
57%
Yaren
57%
Zagreb
57%
Ljubljana
56%
Praia
56%
Abu Dhabi
55%
Maputo
55%
Roseau
55%
Chișinău
50%
Gaborone
50%
Kuwait City
50%
Lilongwe
50%
São Tomé
50%
Taipei
50%
Tegucigalpa
50%
Asmara
44%
Djibouti
44%
Apia
43%
Gitega
43%
Libreville
43%
Monrovia
43%
Ouagadougou
43%
Pretoria, Cape Town, or Bloemfontein
43%
Rome / Vatican
43%
Saint George's
43%
Addis Ababa
40%
Montevideo
40%
Tirana
40%
Pristina
38%
Ciudad de la Paz
33%
Podgorica
33%
Monaco
30%
Beirut
29%
Dakar
25%
Dodoma
25%
Manama
25%
Basseterre
0%
No matching quizzes found
Score Distribution
Percent of People with Each Score
Percentile by Number Answered
Your Score History
You have not taken this quiz